Jasnovidec z Intelu

Krátky životopis a história podnikania Gordona Moora priekopníka polovodičovej technológie a spoluzakladateľa americkej spoločnosti Intel. Predpoveď G. Moora, že integrované obvody povedú k takým divom, ako sú domáce počítače, ako je samočinné riadenie automobilu či prenosné komunikačné zariadenia....

Ausführliche Beschreibung

Gespeichert in:
Bibliographische Detailangaben
1. Verfasser: Polakovič, Ivan
Format: Buchkapitel
Sprache:Slowakisch
Schlagworte:
Tags: Tag hinzufügen
Keine Tags, Fügen Sie das erste Tag hinzu!

MARC

LEADER 00000naa$a2200000$$$4500
001 0049674
005 20230719100044.3
041 0 |a slo 
044 |a SK 
245 1 0 |a Jasnovidec z Intelu  |c Ivan Polakovič 
520 |a Krátky životopis a história podnikania Gordona Moora priekopníka polovodičovej technológie a spoluzakladateľa americkej spoločnosti Intel. Predpoveď G. Moora, že integrované obvody povedú k takým divom, ako sú domáce počítače, ako je samočinné riadenie automobilu či prenosné komunikačné zariadenia. Založenie firmy Intel Corporation. Predstavenie prvého čipu označeného ako DRAM. Vznik mikroprocesora pre počítače. Generácia mikroprocesora Pentium uvedená na trh v r. 1992. 
610 2 0 |a podnikanie 
610 2 0 |a manažéri 
610 2 0 |a firmy 
610 2 0 |a technológie informačné 
610 2 0 |a technológie komunikačné 
610 2 0 |a počítače 
610 2 0 |a procesory 
610 2 0 |a mikroelektronika 
610 2 0 |a USA 
100 1 |a Polakovič, Ivan